| 000 | 04128nam a22002777a 4500 | ||
|---|---|---|---|
| 003 | DO-CoUTE | ||
| 005 | 20260515151011.0 | ||
| 008 | 260515b dr ||||| |||| 00| 0 spa d | ||
| 040 |
_aDO-CoUTE _bspa _cDO-CoUTE |
||
| 041 | _aspa | ||
| 092 | _aGEO 2026 P35 | ||
| 100 | 1 |
_aPeñaló Peralta, Celines María _eSustentante |
|
| 245 | 1 | 0 |
_aEvaluación del Impacto de la Minería en la Calidad del Agua Subterránea de Sánchez Ramírez / _cCelines María Peñaló Peralta, Rosanny Miguelina Vásquez Gil, Kelmelina Almanzar Jiménez, Heiddy María Marte Polanco, Raquel Inmaculada Acosta, Alex Rodríguez Reynoso ; Asesor, Elpidio Moronta |
| 260 |
_aCotuí, República Dominicana ; _bUTECO, _c2026 |
||
| 300 |
_a160 Paginas : _bImagenes ; _c23cm, _e+ 1 CD-ROM |
||
| 502 | _a Trabajo de Grado (Ingeniería en Geología ) Universidad Tecnológica del Cibao Oriental, 2026. | ||
| 504 | _aIncluye referencia bibliográfica e índice. | ||
| 520 | _aLa provincia Sánchez Ramírez ha experimentado un incremento significativo en la actividad minera en los últimos años, lo que ha generado preocupaciones sobre su impacto ambiental. La minería puede alterar los acuíferos subterráneos, provocando contaminación y deterioro en la calidad del agua potable para las comunidades locales. La presencia de metales pesados y productos químicos utilizados en los procesos mineros representa un riesgo para la salud humana y los ecosistemas acuáticos. Este estudio tenía por objetivo Evaluar el Impacto de la Minería en la Calidad del Agua Subterránea de Sánchez Ramírez. La provincia Sánchez Ramírez, y en particular la zona de Cotuí se enmarca en un contexto de actividad minera de gran relevancia para la economía local. En este escenario, Barrick Pueblo Viejo ha emergido como un actor clave en la extracción de metales, aportando empleo y desarrollo regional. A la vez, estas operaciones mineras plantean desafíos ambientales que requieren atención continua para garantizar una actividad responsable y sostenible a largo plazo. Este proyecto se realizó con un diseño no experimental, un enfoque mixto y un tipo de investigación descriptiva, así como un método de investigación deductivo. Entre los resultados encontrados se destacan: Las evaluaciones en el área de Zambrana revelan una distribución variada de pozos de agua subterránea en diferentes contextos geográficos y geológicos, influyendo en la disponibilidad y vulnerabilidad del recurso hídrico. Algunos pozos se encuentran en zonas con alta permeabilidad y formaciones favorables para la recarga del acuífero, mientras otros en áreas con menor infiltración, afectando su sostenibilidad. Los niveles freáticos varían según la altitud y condiciones del subsuelo, reflejando la complejidad hidrogeológica del área. Los análisis fisicoquímicos demostraron que el agua es apta para consumo humano, con parámetros dentro de límites seguros, bajos niveles de contaminación y buena calidad física. Sin embargo, se detectó cadmio en niveles superiores a los permitidos por la OMS, sugiriendo una posible fuente de contaminación vinculada a actividades mineras o industriales, lo que requiere monitoreo y control constante. Los niveles de otros metales como zinc, hierro y cobre permanecen dentro de rangos seguros. La percepción comunitaria indica que la minería ha afectado la calidad y disponibilidad del agua, aunque existe incertidumbre y falta de información clara por parte de las autoridades. La comunidad muestra interés en fortalecer la vigilancia, participación y transparencia en la gestión hídrica, destacando la necesidad de monitoreo continuo y mejor comunicación. | ||
| 650 | 4 | _aImpacto de la mineria en la calidad del agua | |
| 700 | 1 |
_aCelines María Peñaló Peralta _eSustentante |
|
| 700 | 1 |
_aRosanny Miguelina Vásquez Gil _eSustentante |
|
| 700 | 1 |
_aKelmelina Almanzar Jiménez _eSustentante |
|
| 830 | _aTesis y disertaciones académicas (Universidad Tecnológica del Cibao Oriental) | ||
| 856 | _yHaga Click Aquí para Descargar en Texto Completo | ||
| 942 |
_2ddc _cTH |
||
| 999 |
_c24191 _d24191 |
||